| 000 | 00420nam a22001697a 4500 | ||
|---|---|---|---|
| 005 | 20160430095914.0 | ||
| 008 | 160430b xxu||||| |||| 00| 0 eng d | ||
| 020 | _a81-7808-530-5 | ||
| 041 | _aeng | ||
| 082 | _b00993 | ||
| 100 |
_aPetersen Craig. H. Lewis Cris W. _9304 |
||
| 245 | _aManagerial Economics | ||
| 260 |
_aNew Delhi _bPearson Education, _c2001 |
||
| 300 | _a671 | ||
| 650 |
_aManagement _9241 |
||
| 942 | _cBK | ||
| 999 |
_c351 _d351 |
||